中国行政区划种类 - Statistics

General Stats
  • This quiz has been taken 1 082 times
  • The average score is 18 of 23
Answer Stats
行政等级 数量 类别 % Correct
省级 23 安徽、广东、甘肃
100%
省级 5 自治区 新疆维吾尔、广西壮族、宁夏回族
99%
省级 4 直辖市 北京、天津
99%
省级 2 特别行政区 香港、澳门
99%
地级 293 地级市 广州、汉中、佳木斯
96%
县级 1301 盱眙、新野、长沙、丰 __
96%
地级 30 自治州 延边、恩施、阿坝
95%
县级 977 市辖区 西城、福田、即墨、官渡
94%
地级 3 兴安 __、锡林郭勒 __、阿拉善 __
93%
县级 117 自治县 天祝藏族 __、长白朝鲜族 __、景宁畲族 __、芷江侗族 __
93%
地级 7 地区 阿里、大兴安岭、阿克苏
91%
县级 394 县级市 巢湖、五常、香格里拉、都江堰
91%
县级 49 四子王 __、额济纳 __、正镶白 __
91%
乡级 21389 虎门 __、茅台 __、长安 __、玉山 __
89%
乡级 7116 普玛江塘 __、旧莫 __
88%
县级 1 林区 神农架 __
84%
乡级 8984 街道 牛街 __、三元里 __、解放碑 __、大雁塔 __
81%
县级 3 自治旗 鄂伦春 __、鄂温克族 __、莫力达瓦达斡尔族 __
61%
县级 1 特区 六枝 __
57%
乡级 957 民族乡 孙各庄 (满族) __、二道河子(蒙古族) __、匹河(怒族) __
48%
乡级 153 苏木 乌兰哈页 __、敖润苏莫 __、吉忽伦图 __
38%
乡级 1 民族苏木 鄂温克 _ _ _ _
24%
乡级 2 县辖区 赵家蓬 _ _ _、 奎依巴格 _ _ _
17%
No matching quizzes found
Score Distribution
Percent of People with Each Score
Percentile by Number Answered
Your Score History
You have not taken this quiz